<?xml version="1.0" encoding="UTF-8"?>
<record
    xmlns:xsi="http://www.w3.org/2001/XMLSchema-instance"
    xsi:schemaLocation="http://www.loc.gov/MARC21/slim http://www.loc.gov/standards/marcxml/schema/MARC21slim.xsd"
    xmlns="http://www.loc.gov/MARC21/slim">

  <leader>00571nam a22001697a 4500</leader>
  <controlfield tag="005">20260514112405.0</controlfield>
  <controlfield tag="008">260514b        |||||||| |||| 00| 0 eng d</controlfield>
  <datafield tag="020" ind1=" " ind2=" ">
    <subfield code="a">9781606496145</subfield>
  </datafield>
  <datafield tag="041" ind1=" " ind2=" ">
    <subfield code="a">Eng</subfield>
  </datafield>
  <datafield tag="082" ind1=" " ind2=" ">
    <subfield code="a">658.8 FRA</subfield>
  </datafield>
  <datafield tag="100" ind1=" " ind2=" ">
    <subfield code="a">France, Charles E.  </subfield>
  </datafield>
  <datafield tag="245" ind1=" " ind2=" ">
    <subfield code="a">Marketing Strategy for Small to Medium Sized Manufacturers: A Practical Guide for Generating Growth Profit and Sales</subfield>
  </datafield>
  <datafield tag="260" ind1=" " ind2=" ">
    <subfield code="a">New York</subfield>
    <subfield code="b">Business Expert Press</subfield>
    <subfield code="c">2013</subfield>
  </datafield>
  <datafield tag="300" ind1=" " ind2=" ">
    <subfield code="a">306;. P. 23 cm</subfield>
  </datafield>
  <datafield tag="650" ind1=" " ind2=" ">
    <subfield code="a">Marketing--Management; Sales promotion;  Small business--Management</subfield>
  </datafield>
  <datafield tag="942" ind1=" " ind2=" ">
    <subfield code="c">BK</subfield>
  </datafield>
  <datafield tag="999" ind1=" " ind2=" ">
    <subfield code="c">46585</subfield>
    <subfield code="d">46585</subfield>
  </datafield>
  <datafield tag="952" ind1=" " ind2=" ">
    <subfield code="0">0</subfield>
    <subfield code="1">0</subfield>
    <subfield code="2">ddc</subfield>
    <subfield code="4">0</subfield>
    <subfield code="7">0</subfield>
    <subfield code="a">IMTN</subfield>
    <subfield code="b">IMTN</subfield>
    <subfield code="c">Rack 32-B</subfield>
    <subfield code="d">2026-05-14</subfield>
    <subfield code="e">Raghav Books Private Limited</subfield>
    <subfield code="g">2093.45</subfield>
    <subfield code="i">2630</subfield>
    <subfield code="l">0</subfield>
    <subfield code="o">658.8 FRA</subfield>
    <subfield code="p">34052</subfield>
    <subfield code="r">2026-05-14 05:55:27</subfield>
    <subfield code="t">33</subfield>
    <subfield code="v">1402.61</subfield>
    <subfield code="w">2026-04-30</subfield>
    <subfield code="y">BK</subfield>
    <subfield code="z">Recommended by Dr. Ishwar Kumar</subfield>
  </datafield>
</record>
